LDR 00744naa#a2200193#i#450# 001 EN\\bibl\19988 005 20260702030347.4 100 ## _a20260630b2026####ek#y0engy0150####ca 102 ## _aRU 200 1# _aASPECTS OF INTERNATIONAL LEGISLATION IN THE FIELD OF INFORMATION SECURITY _eConference article/thesis 210 1# _aVoronezh _cFSBE Institution of Higher Education Voronezh State University of Forestry and Technologies named after G.F. Morozov _d2026 215 ## _a5 с. 608 ## _aConference article/thesis _2local 675 ## _aЗащита от несанкционированного доступа. 004.056.53 _z 700 #1 _aOpara _gM. V. 700 #1 _aVragov _gS. A. 700 #1 _aBurenkina _gK. A. 700 #1 _aOpara _gM. A. 856 4# _abibl.vgltu.ru _u